| 000 | 02816nam a2200481 c 4500 | ||
|---|---|---|---|
| 999 |
_c17868 _d17868 |
||
| 003 | BLK | ||
| 005 | 20230526160616.0 | ||
| 008 | 180413b bul|||||r ||||||| ||bul|| | ||
| 010 | _aKNG00019877000 | ||
| 020 | _a954-607-474-8 | ||
| 040 | _aBLK | ||
| 041 |
_aBUL _cBUL |
||
| 080 |
_aСоциални изследвания на жени. Жените и обществото _b305-055.2 _x(4)(091)(063) _z305-055.2(4)(091)(063) |
||
| 080 |
_aСоциология по пол _b316.346.2 _x(4)(063) _z316.346.2(4)(063) |
||
| 080 |
_aОсновни права. Права на човека. Права и задължения на гражданите. Право на информация, на убежище. Принадлежност към държава, свобода на личността, гражданскоправно, политическо равенство, на _b342.7 _x-055.2(4)(091)(063) _z342.7-055.2(4)(091)(063) |
||
| 100 | 1 |
_aАвдела, Ефи _eпърви автор _929180 |
|
| 139 |
_aГраници на гражданството - европейските жени между традицията и модерността _bГ 74 |
||
| 245 | 1 | 0 |
_aГраници на гражданството - европейските жени между традицията и модерността _cЕфи Авдела; състав. и ред. Красимира Петрова Даскалова; състав. и ред. Райна Гаврилова. |
| 257 | _aBGR | ||
| 260 |
_bЛИК _c2001 |
||
| 300 |
_a346 с. _bс портр., ил. _c21 см |
||
| 380 | _a3 | ||
| 500 | _aИзд. на Бълг. група за изследвания по история на жените и пола. - Офс. изд. - Съдържа и За авторите на тази книга. Докл. от конф., София, 1999. Сб. се посвещава на 100 - год. на Бълг. женски съюз. | ||
| 650 | 4 |
_aЖени - роля в семейството и обществото _9242362 |
|
| 650 | 4 |
_aЖенски въпрос - Европа - история _9262390 |
|
| 650 | 4 |
_aЖени - граждански права _9262391 |
|
| 653 | _aжени | ||
| 653 | _aженско движение | ||
| 653 | _aправа на човека | ||
| 653 | _aЕвропа | ||
| 653 | _aистория | ||
| 659 | _aЕ | ||
| 700 | 1 |
_aДаскалова, Красимира Петрова _eсъстав. и ред. _9262388 |
|
| 700 | 1 |
_aГаврилова, Райна _eсъстав. и ред. _9262389 |
|
| 852 | _aЦб 210373 | ||
| 856 | 4 |
_qpdf _u |
|
| 856 | 4 |
_qpdf _u |
|
| 942 |
_cKNG _n0 _s1 _03 |
||
| 944 |
_aCR _c08.05.2003 _kЛюдмила_Стоянова |
||
| 944 |
_aED _c02.02.2005 |
||
| 999 | _d17868 | ||
| 999 | _d17868 | ||